Add an 'H' II Quiz Stats

 Plays Quiz Updated Oct 14, 2016

Also try: Add a 'TH'
Challenge
Share
Tweet
Embed
Score 0/20 Timer 05:00
0 Plays Today
Word before H Clue Words % Correct
Gum, birch, or oak, e.g.Tree → Three
93.7%
Flying Halloween animalBat → Bath
92.7%
+Plus → Plush
90%
Former quarterback FlutieDoug → Dough
88.3%
Baked corn breadPone → Phone
86.3%
Alternative to a toupeeWig → Whig
84%
A fastball or an old-school gunHeater → Heather
81.1%
A small boat to pull a big oneTug → Thug
80.2%
Clean and tidyNeat → 'Neath
76.4%
Of sound mindSane → Shane
75%
Word before H Clue Words % Correct
Assenting votesAyes → Hayes
74.6%
A quick honk on the hornToot → Tooth
72.7%
ExistedWere → Where
70.9%
The ego, essentiallySelf → Shelf
67.2%
Galloped on a horseRode → Rhode
64.4%
Avarice, e.g.Sin → Shin
56.9%
Making mistakesErring → Herring
56.4%
Director Jane of 'The Piano'Campion → Champion
56%
V-shaped holder for animal food or waterTrough → Through
51.7%
Silicate mineral that separates into layersMica → Micah
29.2%

You're not logged in!

Compare scores with friends on all Sporcle quizzes.
Join for Free
OR
Log In

You Might Also Like...

Show Comments

Extras

Top Quizzes Today


Score Distribution

Your Account Isn't Verified!

In order to create a playlist on Sporcle, you need to verify the email address you used during registration. Go to your Sporcle Settings to finish the process.

Report this User

Report this user for behavior that violates our Community Guidelines.

Details: